00808nam a2200241 a 4500001000400000003001000004005001700014008004100031020002400072020002400096040002500120080002000145090002100165100003200186245008700218260004200305504003600347505008500383650004600468650002700514942001200541999001300553998BR-CuiBMT20231124224819.0231111s2007 rjb 001 0 por d a9788571477384 (v.1) a9788571476141 (v.4) aBR-CuiBMTcBR-CuiBMT 22007a342:336.2 a342:336.2bT693t1 aTorres, Ricardo Lobod1935-10aTratado de direito constitucional financeiro e tributáriocRicardo Lobo Torres.  aRio de Janeiro :bRenovar,c2007-2009 aInclui bibliografia e índice. av.1. Constituição Financeira, sistema tributário e estado fiscal -- v. 4.  aDireito financeiro e tributáriozBrasil aDireito constitucional 2udccLV c998d998